Phương pháp phân tích vi sinh vật trong nước, thực phẩm và mĩ phẩm

Kaydedildi:
Detaylı Bibliyografya
Yazar:  Trần Linh Thước
Materyal Türü: Sách
Dil:Undetermined
Baskı/Yayın Bilgisi:  Giáo dục Việt Nam  2010
Konular:
Etiketler: Etiketle
Etiket eklenmemiş, İlk siz ekleyin!
Thư viện lưu trữ: Trung tâm Thư viện - Trường Đại học Công nghiệp TP. Hồ Chí Minh
LEADER 00589nam a2200157Ia 4500
001 UIH_03515
008 231011s9999 xx 000 0 und d
082 |a  660.62 
100 |a  Trần Linh Thước 
245 0 |a  Phương pháp phân tích vi sinh vật trong nước, thực phẩm và mĩ phẩm 
245 0 |c  Trần Linh Thước 
260 |b  Giáo dục Việt Nam 
260 |c  2010 
650 |a  Công nghệ vi sinh vật;  
927 |a Sách 
980 |a Trung tâm Thư viện - Trường Đại học Công nghiệp TP. Hồ Chí Minh